Estudios entomológicos / (Record no. 174209)

MARC details
000 -LEADER
campo de control de longitud fija 01080namaa22002291 4500
001 - NÚMERO DE CONTROL
campo de control 174209
003 - IDENTIFICADOR DE NÚMERO DE CONTROL
campo de control ES-MaACL
005 - FECHA Y HORA DE LA ÚLTIMA TRANSACCIÓN
campo de control 20250930063151.0
008 - DATOS DE LONGITUD FIJA--INFORMACIÓN GENERAL
campo de control de longitud fija 100303s1912 sp r |||| | spa d
080 ## - NÚMERO DE LA CLASIFICACIÓN DECIMAL UNIVERSAL
Número de la Clasificación Decimal Universal 595.7
100 1# - ENTRADA PRINCIPAL--NOMBRE DE PERSONA
Nombre de persona Bolívar, Ignacio,
Fechas asociadas al nombre 1850-1944
9 (RLIN) 29963
245 10 - MENCIÓN DEL TÍTULO
Título Estudios entomológicos /
Mención de responsabilidad, etc. por I. Bolivar.
260 ## - PUBLICACIÓN, DISTRIBUCIÓN, ETC.
Lugar de publicación, distribución, etc. Madrid :
Nombre del editor, distribuidor, etc. Junta para la Ampliación de Estudios e Investigaciones Científicas :
-- Instituto Nacional de Ciencias Físico-Naturales,
Fecha de publicación, distribución, etc. 1912 (
Fabricante Imp. de Fortanet)
300 ## - DESCRIPCIÓN FÍSICA
Extensión 62 pág. ;
Dimensiones 24 cm.
490 1# - MENCIÓN DE SERIE
Mención de serie Trabajos del Museo de Ciencias Naturales. Serie zoológica ;
Designación de volumen o secuencia 4
505 8# - NOTA DE CONTENIDO CON FORMATO
Nota de contenido con formato I. Los panfaginos paleárticos. II. El género Sciobía Burm. III. El género Hieroglypbus Krauss y otros próximos
650 07 - PUNTO DE ACCESO ADICIONAL DE MATERIA--TÉRMINO DE MATERIA
Término de materia o nombre geográfico como elemento de entrada Insectos
Fuente del encabezamiento o término embne
9 (RLIN) 13823
710 2# - ENTRADA AGREGADA--NOMBRE DE ENTIDAD CORPORATIVA
Nombre de entidad corporativa o nombre de jurisdicción como elemento de entrada Junta para la Ampliación de Estudios e Investigaciones Científicas.
9 (RLIN) 5413
830 00 - PUNTO DE ACCESO ADICIONAL DE SERIE-TÍTULO UNIFORME
Título uniforme Trabajos del Museo Nacional de Ciencias Naturales.
Nombre de parte o sección de la obra Serie zoológica
Designación de volumen o secuencia 4
9 (RLIN) 189348
852 ## - LOCALIZACIÓN
Ubicación ES-MaACL
Número de control de estantería B-13146(4)
Nota libre .- Encuadernado con otras obras
Holdings
Estatus retirado Estado de pérdida Estado de daño No para préstamo Biblioteca de origen Biblioteca actual Ubicación en estantería Fecha de adquisición Fuente de adquisición Total de préstamos Signatura topográfica completa Código de barras Visto por última vez Precio de reemplazo Tipo de ítem Koha
        Biblioteca del Ateneo de Madrid Biblioteca del Ateneo de Madrid Sala Pardo Bazán 03/03/2010     B-13146(4) 1182860 23/02/2023 23/02/2023 Libro impreso